| 000 | 00692 a2200229 4500 | ||
|---|---|---|---|
| 005 | 20190913111429.0 | ||
| 008 | 190913s2013 fr ||||| |||| 00| 0 fre d | ||
| 020 | _a9782100592289 | ||
| 040 |
_aCO-BoUCM _bspa _cSaul Niño _dSaul Niño |
||
| 041 | 0 | _afre | |
| 100 | 1 | 0 |
_aEiguer, Alberto _998444 |
| 245 | 1 | 0 |
_aL'inconscient de la maison _cAlberto Eiguer |
| 260 |
_aParis _bDunod _c2013 |
||
| 300 | _axi, 178 páginas | ||
| 490 | 0 | _ades idées qui marquent | |
| 546 | _aTexto en francés | ||
| 650 | 7 |
_915547 _aFamilia |
|
| 650 | 7 |
_926342 _aVivienda |
|
| 650 | 7 |
_922797 _aPsicología ambiental |
|
| 942 |
_cLIBRO _2DEWEY _a9 _e1 _h155.91 _mE348l |
||
| 999 |
_c313510 _d313510 |
||